| 000 | 00728cam a2200253 a 4500 | ||
|---|---|---|---|
| 001 | 50034 | ||
| 003 | BD-RjUL | ||
| 005 | 20211209075439.0 | ||
| 008 | 160823s1969 bg b 001 0 eng | ||
| 020 | _c: PRs. 10.00 | ||
| 035 | _a(BD-RjUL)50154 | ||
| 040 |
_aDLC _cDLC _dBD-RjUL _beng |
||
| 041 | _aeng | ||
| 082 |
_223 _a352.095492 _bCHR 1969 |
||
| 100 | 1 |
_aChaudhuri, Muzaffer Ahmed _9149950 |
|
| 245 | 1 | 0 |
_aRural government in East Pakistan / _cMuzaffer Ahmed Chaudhuri |
| 250 | _a1st ed. | ||
| 260 |
_aDacca : _bPuthighar Ltd. _c1969 |
||
| 300 |
_axviii, 370 p. ; _c22 cm. |
||
| 504 | _aIncludes bibliography and index | ||
| 650 | 0 |
_aLocal government _zBangladesh _9117443 |
|
| 942 |
_2ddc _cBK |
||
| 999 |
_c50034 _d50034 |
||